00355pab a2200133 454500008004000000100001900040245005500059260000900114300001300123362001100136650003000147650001400177773003000191180718b1997 xxu||||| |||| 00| 0 eng d aHarrop, Martin aThe pendulum swings: the British elections of 1997 c1997 ap.305-19 aSummer aElections - Great Britain aElections aGovernment and Opposition